000 00209nmm a2200085Ia 4500
008 220120s9999||||xx |||||||||||||||||und||
100 _aEFY
245 0 _aPC linux OS, LXQT 2016 desktop
260 _aEFY enterprises
999 _c140013
_d140013